LDR 00911naa#a2200169#i#450# 001 RU\\bibl\121730 005 20260502082718.6 011 ## _a3034-4689 100 ## _a20260424b2026####ek#y0rusy0150####ca 102 ## _aRU 200 1# _aВЛИЯНИЕ СТРОЕНИЯ ПРОИЗВОДНЫХ 1H-ИМИДАЗО[4,5-F][1,10]ФЕНАНТРОЛИНА НА ПАРАМЕТРЫ ИНТЕНСИВНОСТИ ЛЮМИНЕСЦЕНЦИИ КОМПЛЕКСОВ ЕВРОПИЯ(III) ПО ДАННЫМ КВАНТОВО-ХИМИЧЕСКОГО МОДЕЛИРОВАНИЯ _eЖурнальная статья 210 1# _aКазань _cКазанский национальный исследовательский технологический университет _d2026 215 ## _a4 с. 608 ## _aЖурнальная статья _2local 700 #1 _aРоманова _gК А 700 #1 _aГаляметдинов _gЮ Г 856 4# _avestniktu.ru _u